000 00446nmm a2200157Ia 4500
008 251105s9999||||xx |||||||||||||||||und||
041 _aspa
100 _aCassidy, Carla
245 0 _aDe otro mundo
264 _a[Madrid, España] :
_bHarlequin,
_c[Fecha de publicación no identificada]
300 _a0 páginas
490 _a'Cuentos del mar'
650 _aRomance
856 _uhttps://public.digitaliapublishing.com/a/92886
942 _cCF
999 _c98957
_d98957